banner-ar

العلاقات السياسية بين الدولة الاموية فى الاندلس ودول المغرب / (Record no. 59764)

MARC details
000 -الفاتح
حقل البيانات ثابتة الطول 00718nam a22001817a 4500
005 - وقت وتاريخ اخر تعامل مع التسجيلة
رقم الضبط 20240530110334.0
008 - عناصر البيانات ثابتة الطول - معلومات عامة
حقل البيانات ثابتة الطول 140903s1982 ua b g 000 0 ara d
040 ## - مصدر الفهرسة
وكالة الفهرسة الأصلية EG-CaGPL
082 04 - رقم تصنيف ديوى العشرى
رقم الطبعة 21
رقم التصنيف 953.0711
رقم المادة ع ع
100 00 - المدخل الرئيسى - إسم شخصى
الإسم الشخصى عبدالعزيز فيلالى
245 12 - بيان العنوان
العنوان العلاقات السياسية بين الدولة الاموية فى الاندلس ودول المغرب /
بيان المسئوليه,etc عبدالعزيز فيلالى
250 ## - بيان الطبعة
بيان الطبعة ط2
260 ## - PUBLICATION, DISTRIBUTION, ETC. (IMPRINT)
تاريخ النشر أو التوزيع 1982
300 ## - الوصف المادى
التعداد 318 ص ؛
أبعاد الوعاء 24 سم
650 07 - المدخل الاضافى بالموضوع-مصطلح موضوعى
مصطلح موضوعي الدولة الاموية فى الاندلس
650 07 - المدخل الاضافى بالموضوع-مصطلح موضوعى
مصطلح موضوعي الدولة الاموية
التقسيم الفرعي العام العلاقات الخارجية
942 ## - عناصر المدخل الإضافي( كوها)
مصدر التصنيف او مخطط الترفيف Dewey Decimal Classification
Koha [default] item type كتاب
260 ## - PUBLICATION, DISTRIBUTION, ETC. (IMPRINT)
-- الجزائر :
-- المؤسسة الوطنية للكتاب ،
Holdings
حالة التراجع حالة الفقد حالة تلف ليس للاعارة المكان المؤقت الموقع الحالى تاريخ الاكتساب اجمالي اﻻعارات رقم الطلب الباركود تاريخ اخر مشاهدة تاريخ تفعيل السعر نوع وعاء كوها
        مكتبة القاهرة الكبرى مكتبة القاهرة الكبرى 09/03/2014   953.0711 ع ع 158684 09/03/2014 09/03/2014 كتاب

Powered By

EGPV